PiKapp General Knowledge - Statistics

General Stats
  • This quiz has been taken 39 times
  • The average score is 8 of 15
Answer Stats
Hint Answer % Correct
Who only plays "t100" courses Andrew Callahan
91%
Eight people currently have letters muted. Name one other than Ace or GL Bono, Barton, Alex Roth, Tyler, Drew Spero, Powers
91%
Who owns his own bowling equipment Ryan Cahaly
82%
What are Tyler's infamous fighting words Rumble me
79%
This former member now makes golf tiktoks fulltime Will Alptekin
65%
It is rare to see Brady Weinhold without this Hat
59%
Who pissed outside of the Sheehan hall 2nd floor RA's door after blackout barn Robert Reilly
59%
Who tried to fight Smac while he was working door at courts Jeff Kim
56%
Who lives the furthest from Villanova Davis Johnson
53%
Who engaged in a sexual act under the dchi porch Daniel Nemeth
47%
Who is the king of useless knowledge Alex Moore
44%
Who ran over Connor Smith's mom while playing bop at parents weekend Daniel Berry
32%
What brother was featured on the Lacrosse Network's instagram Jack Farlekas
24%
Who drove the wrong way on an exit ramp driving home from barn while a Nib Nick Ruggiero
21%
Under the radar Cowboys fan Ryan Dahlquist
21%
No matching quizzes found
Score Distribution
Percent of People with Each Score
Percentile by Number Answered
Your Score History
You have not taken this quiz